[Event "NED-ch Women 2018"]
[Site "Amsterdam"]
[Date "2018.07.06"]
[Round "3"]
[White "Lanchava, Tea"]
[Black "Haast, Anne"]
[Result "1/2-1/2"]
[WhiteElo "2310"]
[BlackElo "2343"]
[Annotator "TA"]
[PlyCount "97"]
[EventDate "2018.07.02"]
[EventType "tourn"]
[EventCountry "NED"]
[SourceTitle "playchess.com"]
[Source "ChessBase"]
[SourceQuality "1"]

{[%evp 17,97,11,15,0,0,-20,-13,-50,-42,-41,-35,-61,-26,-33,-36,-33,-16,-28,-21,-29,-23,-28,-25,-26,-16,-21,23,-23,-20,-23,0,0,0,0,74,81,72,0,0,0,24,-29,-35,-114,-114,-114,-114,-100,-103,-82,-56,-56,-56,-31,-31,-31,-32,-54,0,0,0,0,0,0,0,-8,-8,-8,-8,-8,15,15,18,0,0,0,12,0,0,0,16,0]} 1. d4 d5 2. Nf3 c5 3. c3 cxd4 4. cxd4 Nf6 5. Nc3 Nc6 6. Bf4 Ne4 7. Qb3 e6 {D13: Slav Defence: Exchange variation without ...Bf5} 8. e3 Nxc3 9. bxc3 Bd6 {LiveBook: 4 Games} 10. Bg3 O-O 11. Bd3 b6 12. e4 $146 ({Predecessor:} 12. O-O Bb7 13. Rac1 Rc8 14. Rfe1 Bxg3 15. hxg3 {0-1 (36) Stankovic,B (2230)-Miljkovic,M (2406) Belgrade 2004}) 12... dxe4 13. Bxe4 Bb7 14. Qc2 h6 15. O-O Rc8 16. Qe2 Na5 17. Bxb7 Nxb7 18. c4 Qe7 19. Rac1 Rc7 20. Rfe1 Bxg3 21. hxg3 Qa3 22. Rc2 Rfc8 23. Rec1 Nd6 24. g4 Qa4 {[%cal Rc7c4]} 25. c5 Nb7 (25... Ne8 $11) 26. g5 $1 $16 {[%cal Rg5h6]} hxg5 27. Rc4 ({Better is} 27. Nxg5 $16 Qxd4 28. Qh5) 27... Qa6 $11 28. Qe5 bxc5 29. Qxg5 (29. Nxg5 $142 Qd6 30. Qe4) 29... Qd6 30. Qh5 (30. Qe5 $15) 30... cxd4 $17 31. Ng5 {Threatening Nxf7.} Qf4 (31... Rxc4 $2 {perishes.} 32. Qxf7+ Kh8 33. Rxc4 $18) 32. g3 Qxc1+ 33. Rxc1 Rxc1+ 34. Kg2 Nd6 35. Qh7+ $1 Kf8 36. Qh8+ Ke7 37. Qxg7 R8c5 ({Black should play} 37... d3 $15 38. Nh7 R1c5) 38. Nh7 $11 {Black should prevent Qf8+.The position is equal.} d3 {Strongly threatening ...d2.} 39. Qf8+ $1 Kd7 40. Nf6+ Kc6 41. Qa8+ Kc7 {...d2 is the strong threat.} 42. Qxa7+ Nb7 {Threatens to win with ...d2.} 43. Qa4 $1 {[%cal Ra4e8] aiming for Qe8.} Rc6 {Hoping for ...d2.} 44. Qd4 Rd1 45. Qd7+ Kb6 46. Qd4+ ({Don't blunder} 46. Qxf7 $2 Rg1+ $1 {[%mdl 512]} 47. Kxg1 d2 $19) 46... Kc7 $1 47. Qd7+ Kb6 48. Qd4+ ({But not} 48. Qxf7 $2 {[#]} Rg1+ $1 {[%mdl 512]} 49. Kxg1 d2 $19) 48... Kc7 $1 49. Qf4+ {Precision: White = 53%, Black = 68%.} 1/2-1/2

[Event "NED-ch Women 2018"]
[Site "Amsterdam"]
[Date "2018.07.06"]
[Round "3"]
[White "Keetman, Maaike"]
[Black "De Mie, Mariska"]
[Result "1/2-1/2"]
[WhiteElo "2190"]
[BlackElo "2193"]
[Annotator "TA"]
[PlyCount "130"]
[EventDate "2018.07.02"]
[EventType "tourn"]
[EventCountry "NED"]
[SourceTitle "playchess.com"]
[Source "ChessBase"]
[SourceQuality "1"]

{[%evp 15,130,17,21,21,17,0,0,0,20,13,17,1,31,28,53,61,51,58,65,40,176,176,160,168,184,180,197,203,202,189,204,194,190,197,195,135,133,130,156,156,190,177,174,180,202,195,196,172,164,168,227,229,222,215,204,167,248,169,277,272,281,250,255,252,229,168,168,144,167,129,129,127,132,134,161,87,128,130,136,0,41,41,37,39,34,26,100,94,125,125,129,129,129,129,129,125,125,125,129,125,162,125,144,141,134,125,141,0,0,0,0,0,0,0,0,0,0]} 1. e4 c5 2. Nf3 e6 3. d4 cxd4 4. Nxd4 a6 5. Bd3 g6 6. Qe2 {B42: Sizilianisch (Paulsen-Variante)} Bg7 7. c3 d6 8. O-O Nf6 {[%cal Bg8f6,Bf6d7,Bd7e5,Be5d3][%mdl 32] LiveBook: 5 Partien} 9. Nf3 $146 ({Vorgänger:} 9. Bg5 O-O 10. Nd2 Nbd7 11. a4 Nc5 12. Bc2 e5 13. N4f3 Ne6 14. Be3 Nf4 15. Bxf4 exf4 {1-0 (59) Vovk,A (2634)-Grinev,V (2409) Zhitomir 2017}) 9... O-O 10. c4 Nc6 11. Nc3 Nd7 12. Bd2 Nde5 13. Rac1 Nxd3 14. Qxd3 Nb4 15. Qe2 d5 16. exd5 exd5 17. cxd5 Nxd5 (17... Bxc3 $14 18. bxc3 (18. Bxc3 Nxa2 19. Rcd1 Nxc3 $11) 18... Re8) 18. Nxd5 $18 Qxd5 19. Bb4 Bf5 20. Bxf8 Rxf8 21. b3 Bh6 22. Rcd1 Qa5 23. Nd4 Bd7 24. Qe7 Bg4 25. f3 ({Falsch wäre} 25. Qxb7 $2 Bxd1 26. Rxd1 Rd8 $19) ({Lieber} 25. Rd3 $18) 25... Bc8 $16 26. Qe2 Bd7 27. Rfe1 Qc3 {beabsichtigt ...Te8.} 28. Qd3 Qc5 29. Kh1 Qh5 30. Ne2 {[%cal Bd4e2,Be2g3,Bg3e4,Be4f6][%mdl 32]} Bc6 31. Ng3 Qa5 32. a4 Bf4 (32... Bg7 {war einen Versuch wert.} 33. Qc4 Qc3) 33. Qd4 $18 Bh6 34. Ne4 Bg7 35. Qc5 Qc7 (35... Qxc5 $142 36. Nxc5 Rc8) 36. Qd6 Qa5 (36... Qxd6 $142 37. Rxd6 Bb2) 37. Nf6+ Kh8 38. Qe7 {[#] Schwarz muss nun b4 beachten.} Qc3 39. Nd7 Bxd7 40. Rxd7 Qxb3 41. a5 Qb5 42. Rd8 Kg8 43. Qc7 Bf6 44. Rdd1 Qa4 45. Rd5 (45. Rb1 $18) 45... Qb3 46. Rd7 Qb4 {[%cal Rb4e1] [#]} 47. Rdd1 (47. Rg1 $16) 47... Bd8 48. Qe5 Qxa5 49. Qxa5 Bxa5 $14 {[%mdl 4096] Endspiel KTT-KTL} 50. Re7 b5 (50... Rb8 $1 $11 {bleibt in der Remisbreite.}) 51. Ra7 $16 Re8 52. Rxa6 Re1+ 53. Rxe1 Bxe1 {KT-KL} 54. Rb6 b4 55. Kg1 Bc3 56. Kf1 Kf8 57. Ke2 Ke7 58. Kd3 Kd7 59. Rb7+ Ke6 60. Ke4 f5+ 61. Kf4 ({Günstiger ist} 61. Ke3 $16) 61... Bd2+ $11 {Die Stellung ist ausgeglichen.} 62. Kg3 Be1+ 63. Kf4 Bd2+ 64. Kg3 {zielt auf Kf2 ab.} Be1+ 65. Kf4 {Und weiter mit Kg5 wäre nett.} Bd2+ {Precision: Weiß = 59%, Schwarz = 48%.} 1/2-1/2

[Event "NED-ch Women 2018"]
[Site "Amsterdam"]
[Date "2018.07.06"]
[Round "3"]
[White "Hortensius, Lisa"]
[Black "Paulet, Iozefina"]
[Result "0-1"]
[WhiteElo "2169"]
[BlackElo "2286"]
[Annotator "TA"]
[PlyCount "190"]
[EventDate "2018.07.02"]
[EventType "tourn"]
[EventCountry "NED"]
[SourceTitle "playchess.com"]
[Source "ChessBase"]
[SourceQuality "1"]

{[%evp 18,190,32,0,16,20,45,38,59,9,16,-10,-17,-19,-19,-23,-7,-14,-10,-18,-5,-16,-24,-18,-14,-75,-75,-85,-76,-98,-89,-110,-95,-108,712,-111,0,-95,-93,-196,-184,-262,-58,-58,-58,-56,-58,-45,-32,-114,-87,-87,-87,-87,-87,-85,-85,-85,-82,-278,-254,-313,-314,-313,-314,-332,-339,-360,-229,-229,-229,-229,-235,-236,0,-253,-56,-56,-56,-56,-56,-56,-29,-29,-29,-29,-29,-29,-17,-29,-29,-29,-29,-29,-29,-39,-17,-33,-17,-39,-33,-39,-39,-60,-60,-60,-60,-60,-60,-60,-60,-75,-75,-75,-75,-75,-75,-75,-75,-75,-75,-75,-75,-75,-60,-75,-60,-60,-60,-60,-60,-60,-60,-60,-60,-75,-68,-68,-68,-75,-68,-75,-75,-75,-68,-783,-690,-530,-8,-29978,-29979,-29979,-29978,-29978,-29979,-29979,-29980,-29977,-29979,-29973,-29976,-29976,-29976,-29976,-29977,-29977,-29978,-29978,-29979,-29979,-29980,-29980,-29981,-29981,-29981]} 1. e4 {Finkel,A} e6 2. d4 d5 3. Nc3 Nf6 4. Bg5 dxe4 5. Nxe4 Nbd7 6. Nf3 h6 7. Nxf6+ Nxf6 8. Be3 Bd6 {C10: Französische Verteidigung (Rubinstein-Variante)} 9. Bd3 Nd5 (9... b6 10. Qe2 Bb7 11. O-O-O Nd5 12. c4 Nxe3 13. fxe3 Qe7 14. e4 e5 15. c5 bxc5 16. dxe5 Bxe5 {1-0 (66) Aronian,L (2764)-Kramnik,V (2792) Paris 2018}) 10. Qd2 {LiveBook: 12 Partien} a6 {Die Stellung ist ausgeglichen.} 11. O-O b5 $146 ({Vorgänger:} 11... Qe7 12. c4 Nxe3 13. fxe3 c5 14. b4 b6 15. Be4 Rb8 16. Bc6+ Bd7 17. dxc5 bxc5 18. Bxd7+ Qxd7 {1-0 (29) Gallagher,J (2511)-Markos,J (2435) Leon 2001 CBM 086 [Finkel,A]}) 12. a4 Bd7 13. Ne5 bxa4 14. Qe2 Bxe5 15. dxe5 Nxe3 16. Qxe3 Qe7 17. Qe4 Rb8 18. b3 axb3 19. cxb3 Bb5 20. Bxb5+ axb5 21. Rfc1 (21. Qc6+ $11 Qd7 22. Qc5) 21... O-O $17 22. Ra7 Rfd8 23. h3 Rbc8 24. Rc6 Rd5 25. Kh2 Rc5 $2 {[%mdl 8192]} (25... Rd2 $17 26. Qe3 Rb2) 26. Rca6 $2 (26. Qb4 $18) 26... Rd5 27. Rc6 $1 Qd7 28. Qc2 (28. Rc3 $17 {war die einzige Verteidigung.}) 28... Rd2 $19 29. Qc5 {[#]} (29. Rcxc7 $142 Rxc2 30. Rxd7 Rxf2 31. Rac7 Rxc7 32. Rxc7) 29... Qd4 $2 ({Lieber} 29... Rxf2 $1 $19 {[%mdl 512] Weiss muss nun ...Dd2 beachten.} 30. Rd6 (30. Qxf2 Qxc6) 30... Rxg2+ $1 {[%mdl 512]} 31. Kxg2 cxd6 32. exd6 Rxc5 33. Rxd7 Rd5) 30. Qxd4 $15 Rxd4 31. Raxc7 Rxc7 32. Rxc7 {[%mdl 4096] Endspiel KT-KT} Rd3 33. h4 ({Günstiger ist} 33. Rc8+ $15 Kh7 34. b4) 33... h5 34. Rb7 Rxb3 35. g3 Rb1 36. Kg2 b4 {[%cal Bb5b4,Bb4b3,Bb3b2][%mdl 32]} 37. Kf3 b3 38. Rb8+ $2 (38. Kf4 $17) 38... Kh7 $19 39. Rb5 b2 40. Rb7 Kg6 41. Kg2 Kh6 42. Kf3 g5 43. hxg5+ Kxg5 44. Rb4 Kf5 45. Rb5 Kg5 46. Rb4 $1 Re1 $2 (46... f6 $19 47. exf6 Kxf6) 47. Rxb2 $15 Rxe5 48. Rb7 Rf5+ 49. Kg2 h4 50. gxh4+ Kxh4 51. Rb4+ Kg5 52. Kg3 Ra5 53. Rg4+ Kf5 54. Rf4+ Kg6 {Und ...Tg5+ würde nun gewinnen.} 55. Rb4 f6 56. Rb3 Rd5 57. Ra3 Rd4 58. Re3 e5 59. Ra3 Kg5 60. Ra8 Rd3+ 61. Kg2 Kf4 62. Re8 e4 63. Ra8 Rd2 64. Re8 f5 65. Re7 Re2 66. Ra7 Rb2 67. Re7 Rb6 68. Ra7 Rg6+ 69. Kf1 Rd6 {zielt auf ...Kf3 ab.} 70. Kg2 Kg5 71. Re7 Kf6 72. Re8 Re6 73. Rf8+ Ke5 74. Ra8 Rg6+ 75. Kf1 Rd6 76. Kg2 f4 77. Ra5+ Kd4 78. Ra3 Rc6 79. Ra4+ Kd3 80. Ra3+ Kd2 81. Ra2+ $2 {[%mdl 8192] [#]} (81. Ra4 $15) 81... Rc2 $1 $19 {[%cal Rc2a2]} 82. Ra4 {[#]} e3 $2 (82... Kd3 $1 $19 83. Ra3+ Kd2) 83. Kf3 $2 {[%mdl 8192]} (83. fxe3 $11 fxe3 84. Ra1) 83... e2 {Schwarz setzt Matt.} 84. Rd4+ Kc1 85. Re4 Kd1 86. Rd4+ Rd2 87. Ra4 Rd3+ 88. Kxf4 e1=Q 89. Ra1+ Ke2 90. Rxe1+ Kxe1 {KT-KB} 91. Ke4 Rd8 92. f4 Kf2 93. f5 Kg3 94. f6 Kg4 95. Ke5 Kg5 {Precision: Weiß = 40%, Schwarz = 52%.} 0-1

[Event "NED-ch Women 2018"]
[Site "Amsterdam"]
[Date "2018.07.07"]
[Round "4"]
[White "Haast, Anne"]
[Black "Paulet, Iozefina"]
[Result "1/2-1/2"]
[WhiteElo "2343"]
[BlackElo "2286"]
[Annotator "TA"]
[PlyCount "219"]
[EventDate "2018.07.02"]
[EventType "tourn"]
[EventCountry "NED"]
[SourceTitle "playchess.com"]
[Source "ChessBase"]
[SourceQuality "1"]

{[%evp 20,219,9,10,33,10,26,46,50,43,73,8,15,0,0,0,0,0,0,0,0,-2,0,-2,-2,-2,-2,-2,-2,-9,-9,-20,-9,-40,-9,-9,-14,-30,-12,-39,-26,-35,-12,-11,-6,-16,0,0,0,-6,0,0,0,0,0,0,0,0,79,12,100,87,78,0,0,0,14,0,106,109,214,180,387,384,306,0,675,39,47,40,130,104,188,125,137,0,0,0,0,0,0,0,58,37,62,75,100,123,100,100,99,99,244,120,244,100,100,100,100,100,187,198,232,100,100,100,244,244,244,244,244,122,124,127,244,132,244,244,244,218,244,244,244,98,244,195,195,195,195,141,195,141,195,195,244,195,244,195,244,244,244,244,244,244,244,244,244,244,244,244,244,244,244,244,244,244,244,244,244,244,244,244,244,244,244,244,244,244,244,244,356,237,237,125,162,62,62,62,93,75,210,210,210,0,100,62,62,0,194,0,0,0]} 1. e4 e6 2. d4 d5 3. Nc3 Nf6 4. Bg5 Bb4 5. e5 h6 6. Bc1 Ne4 7. Qg4 {C12: French: Classical System: McCutcheon Variation} g6 (7... Kf8 8. Nge2 c5 9. a3 h5 10. Qf4 Ba5 11. dxc5 Nxc3 12. Nxc3 Bxc3+ 13. bxc3 Qa5 14. Bd2 Nc6 {0-1 (53) Naiditsch,A (2702)-Buhmann,R (2564) Germany 2018}) 8. Nge2 c5 9. a3 Bxc3+ 10. Nxc3 Nxc3 11. bxc3 {LiveBook: 16 Games} Nc6 12. a4 Qa5 $146 ({Predecessor:} 12... a6 13. Bd3 Qb6 14. Qf4 cxd4 15. Qf6 Rg8 16. O-O Qd8 17. Qf4 dxc3 18. Qxh6 Kd7 19. Re1 Rh8 20. Qg7 Qg8 21. Qf6 Rh7 {½-½ (21) Mauron,P (2109)-Kolly,J (2266) Lugano 2014}) 13. Bd2 c4 14. Be2 b5 15. O-O (15. h4 $1 $16) 15... bxa4 $11 16. Ra2 Bd7 17. Rfa1 Ne7 18. Qf3 Rb8 19. Bc1 Qd8 20. Bf1 (20. Ba3 {feels hotter.} Nf5 21. Bf1 h5 22. h3 g5 23. Bc5) 20... Nf5 21. g3 Kf8 22. h4 Kg8 23. Bh3 Ng7 24. Bd2 Rb7 25. Qd1 Ne8 26. Rb1 Qb8 27. Rxb7 Qxb7 28. Qc1 Kg7 29. Qa3 Bb5 30. h5 Qd7 31. hxg6 fxg6 32. Ra1 a6 33. Kg2 Nc7 34. Rh1 Ne8 35. Bg4 Qf7 36. Be2 h5 37. Bg5 Rf8 38. f3 Qf5 (38... Kh7 $11) 39. Qc1 (39. Be7 $1 $16) 39... Kg8 (39... Rg8 $11) 40. Rh4 $1 $16 {[%cal Rh4f4][%mdl 1024] White has strong compensation.} Qf7 41. Qa3 (41. g4 $16) 41... Ng7 42. Bf6 Qb7 43. g4 Be8 (43... Ne8 $11) 44. Rh1 Rf7 (44... Bc6 $16 {might work better.}) 45. Kf2 $18 Qb8 $2 (45... Bb5) 46. Qc1 $1 a3 47. gxh5 $2 (47. Qxa3 $18 Qb6 48. Rg1) 47... gxh5 $2 {[%mdl 8192]} ({But not} 47... Nxh5 $2 48. Rxh5 $1 {[%mdl 512]} Rxf6 49. exf6 $18) (47... Nf5 $11 48. f4 (48. hxg6 Rxf6 49. exf6 Qg3+ 50. Kf1 a2 $17) 48... a2) 48. Qxa3 $2 (48. Rg1 $18) 48... Nf5 $1 $14 49. Bg5 Rg7 (49... a5 $14) 50. Qc1 h4 (50... Qa7 $16) 51. Bf6 ({White should play} 51. Bf1 $18) 51... Rg6 $16 52. Rg1 (52. Bxh4 $16 {aiming for f4.} Rh6 53. Bf6 Rxf6 54. exf6 Qg3+ 55. Kf1) 52... Qb7 $11 53. Rxg6+ Bxg6 54. Bf1 Qh7 {With the idea ...h3.} 55. Bh3 Qh5 (55... Kf7 $11) 56. Qb1 $36 {[%mdl 2048] Black is under pressure.} Be8 57. Qb6 Qf7 58. Qxa6 Kh7 59. Bxf5+ exf5 60. Bxh4 {And now f4 would win.} Bd7 (60... f4 $16) 61. Qd6 (61. f4 $18) 61... Be6 (61... f4 $16 62. Bg5 Qe6) 62. Qd8 (62. f4 $18) 62... Qg8 63. Qe7+ Qf7 64. Qg5 {Strongly threatening Bg3.} Qg6 {[#]} (64... f4 $16 65. Ke1 Qg6 66. Qe7+ (66. Qxf4 Qxc2 67. Qe3 Qg2 $16) 66... Qf7) 65. Qf4 $1 $18 Qh5 66. Qg3 (66. Ke2 $18 {and White stays clearly on top.}) 66... Qg6 $16 67. Bg5 Qh5 (67... f4 $16 {keeps fighting.} 68. Qh4+ (68. Bxf4 Qxc2+ 69. Kf1 Qd1+ 70. Kf2 Qc2+ 71. Kf1 Qb1+ 72. Ke2 Qd3+ 73. Kf2 Qc2+ $16) 68... Kg8) 68. Bf4 $18 Kh8 69. Ke3 Kh7 70. Qg2 (70. Kd2 $18) 70... Qh4 $16 71. Qg1 Qh5 (71... Bf7 $16 72. Bg5 Qh3) 72. Bg5 (72. Qg3 $18) 72... Qg6 (72... Qh3 $16 73. Kd2 Bf7) 73. Qh2+ $18 Kg8 74. Bf6 Qh7 75. Qg1+ Kf7 76. Ke2 (76. f4 $18 {has better winning chances.}) 76... Ke8 (76... f4 $16 77. Kd2 Bf5) 77. Kd2 Qh6+ 78. Bg5 Qh3 79. Ke3 (79. Kc1 $18) 79... Qh5 (79... Qh7 $16 80. Kd2 Qh5) 80. Qg3 (80. Bf6 $18) 80... Qh1 (80... Qh3 $16 81. Qg1 Qh7) 81. Kd2 {Hoping for Bh4.} Qh7 82. Kc1 Kd7 83. Bf6 Ke8 84. Qg5 Kd7 85. Bd8 Qf7 86. Bb6 Qe7 87. Qh6 Qf7 88. Bc5 Kc6 89. Qh8 Qg8 90. Qf6 Qe8 91. Qh4 Kd7 92. Kb2 Qb8+ 93. Bb4 Qe8 94. Qh1 Kc8 95. Qa1 {Threatening mate with Qa8+.} Qc6 96. Qa5 Kb7 97. Bc5 Kc8 98. Kc1 Kd7 99. Bd6 Qb7 (99... Kc8 $142 100. Be7 Kb7) 100. Kd2 Ke8 101. Ke3 ({Better is} 101. Bb4 $18 {Threatens to win with Qc5.} Qg7 102. Kc1) 101... Qd7 102. Kf4 (102. f4 $18) 102... Kf7 $14 103. Qa1 Qe8 104. Qh1 {[%cal Rh1h7]} Qg8 (104... Kg7 $16) 105. Qh4 $18 {Qf6+ would kill now.} Qg6 {[#]} 106. Be7 $2 (106. Ke3 $1 $18) 106... Kg8 (106... Qg2 $1 $11 {remains equal.}) 107. Bg5 {Ke3 is the strong threat.} Qh7 108. Bh6 (108. Qxh7+ $14 Kxh7 109. Bf6) 108... Qf7 $2 (108... Qb7 $11 109. Qg5+ Kh7 110. Bf8) 109. Qd8+ $2 ({Only move:} 109. Ke3 $18) 109... Kh7 $11 110. Bg5 {Precision: White = 44%, Black = 32%.} 1/2-1/2

[Event "NED-ch Women 2018"]
[Site "Amsterdam"]
[Date "2018.07.07"]
[Round "4"]
[White "Lanchava, Tea"]
[Black "Keetman, Maaike"]
[Result "1-0"]
[WhiteElo "2310"]
[BlackElo "2190"]
[Annotator "TA"]
[PlyCount "63"]
[EventDate "2018.07.02"]
[EventType "tourn"]
[EventCountry "NED"]
[SourceTitle "playchess.com"]
[Source "ChessBase"]
[SourceQuality "1"]

{[%evp 11,63,-20,-27,-31,-32,-33,-25,-27,-33,-30,-26,-52,-43,-35,-41,-37,-14,-39,-35,-40,0,0,16,23,32,41,52,32,86,68,118,104,105,111,107,99,145,70,245,147,221,230,229,202,597,529,1295,1233,6307,6199,2079,1941,29986,988]} 1. c4 e5 2. Nc3 Nf6 3. g3 Bb4 4. Bg2 O-O 5. e3 Bxc3 6. bxc3 Re8 {LiveBook: 5 Games. A22: English Opening: 1...e5 2 Nc3 Nf6} (6... c6 7. d3 d5 8. cxd5 cxd5 9. Ne2 Qc7 10. O-O Nc6 11. h3 Be6 12. Rb1 Rfe8 13. g4 e4 14. Nf4 Rad8 15. g5 Nd7 16. c4 dxc4 17. dxe4 a6 18. Qc2 b5 19. a4 Rb8 {½-½ (19) Mayer,R (2494)-Biedermann,T (2420) GER email 2016}) 7. Ne2 c6 8. O-O d5 {Black is slightly better.} 9. cxd5 cxd5 10. d3 Nc6 11. a4 $146 ({Predecessor:} 11. Rb1 Qc7 12. Qb3 Bf5 13. Rd1 b6 14. c4 {0-1 (32) Kellermann,F (1908)-Marth,S (2088) GER email 2007}) 11... Bf5 12. h3 h6 13. g4 Bh7 14. Ng3 Qc7 15. f4 exf4 16. exf4 d4 17. c4 Nb4 18. Ra3 Nd7 {Black wants to play ...Nc5.} 19. Kh2 f5 (19... Nc5 $14) 20. gxf5 $16 Rf8 21. Be4 Nc5 22. Rg1 Kh8 23. Nh5 Rf7 24. Rg2 (24. f6 $1 $16 {[%cal Rf6g7]} g5 25. Bxh7 Rxh7 26. Rg3) 24... Re8 $2 ({Better is} 24... Rg8 $14) 25. Qg1 Nxe4 (25... Nc6 $16 {was called for.}) 26. dxe4 $18 Rxe4 ({Reject} 26... Qxc4 $6 27. Rxg7 Nc6 28. Qg2) 27. Rag3 $1 {[%cal Rg3g7]} Ree7 $2 ({Avoid the trap} 27... Bxf5 $2 28. Nxg7 Bh7 29. Ne6 $1 $18 {[%mdl 512]}) (27... Qxc4 {is tougher.} 28. Nxg7 Nc2) 28. f6 Rd7 29. Rxg7 {Intending Rg8+! and mate.} Rd8 30. Rxf7 Qxf7 31. Rg7 Qf8 32. Rxb7 {Precision: White = 60%, Black = 26%.} (32. Re7 $142 Bc2 33. Rxb7 a6 {[#]} 34. f5 $1 {[%mdl 512]} Bxf5 35. Qg7+ Qxg7 36. fxg7+ Kh7 37. g8=Q+ $1 {[%mdl 512]} Kxg8 38. Nf6+ Kh8 39. Bxh6) 1-0

[Event "NED-ch Women 2018"]
[Site "Amsterdam"]
[Date "2018.07.07"]
[Round "4"]
[White "Ratsma, Rosa"]
[Black "Hortensius, Lisa"]
[Result "1-0"]
[WhiteElo "2265"]
[BlackElo "2169"]
[Annotator "TA"]
[PlyCount "135"]
[EventDate "2018.07.02"]
[EventType "tourn"]
[EventCountry "NED"]
[SourceTitle "playchess.com"]
[Source "ChessBase"]
[SourceQuality "1"]

{[%evp 22,135,18,32,48,42,70,73,87,52,78,13,26,10,74,58,111,53,48,43,55,52,148,99,181,175,171,164,164,68,167,138,182,182,180,186,170,26,47,0,158,80,79,82,100,87,128,91,117,92,100,0,100,95,94,34,55,38,52,0,0,0,27,27,183,185,182,8,14,17,169,142,210,206,212,206,193,189,175,0,0,0,0,0,0,-25,0,0,0,0,0,0,0,0,0,0,0,0,0,0,0,-35,0,0,649,643,725,706,29977,29977,29977,29973,29979,29978,29973,29972]} 1. e4 {Szabo,Kr} c5 2. Nf3 e6 3. d4 cxd4 4. Nxd4 Nc6 5. Nc3 Qc7 6. Be3 a6 7. Qd2 Nf6 8. f4 {B48: Sizilianisch (Paulsen-Variante)} b5 9. e5 Ng4 10. Bg1 Nxd4 11. Bxd4 Bb7 12. O-O-O {LiveBook: 4 Partien} h5 $146 ({Vorgänger:} 12... Be7 13. Bd3 f5 14. h3 Nh6 15. Rhg1 O-O {½-½ (26) Karjakin,S (2766)-Svidler,P (2758) Khanty-Mansiysk 2014 CBM 160 [Szabo,Kr]}) 13. Kb1 Nh6 14. Bd3 Be7 15. Rhg1 g6 16. g3 ({Lieber} 16. Ne4 $16) 16... Nf5 $11 17. Bf2 d5 (17... Bf3 $1 $11) 18. exd6 Qxd6 {[#]} (18... Nxd6 $14 19. Bd4 Rh7) 19. Qe2 (19. Nxb5 $1 $16 {[%mdl 512]} Qd7 (19... axb5 20. Bxb5+) 20. Bxf5 Qxb5 21. Bd3) 19... Qc7 $14 20. Be4 $36 {[%mdl 2048] Sxb5! ist eine echte Drohung. Weiss hat gut koordiniertes Spiel.} Bxe4 21. Nxe4 Rg8 (21... Qc6 $14) 22. h3 $1 $16 Nd6 (22... Qc6 $16 {war einen Versuch wert.}) 23. Nxd6+ $1 $18 Bxd6 24. Rd3 $1 Rd8 25. Bd4 (25. Rgd1 $18) 25... Be7 (25... Bc5 $14 26. Be5 Qc8 27. Rxd8+ Kxd8) 26. Rgd1 Qc6 27. g4 $1 hxg4 28. hxg4 Rd5 29. Rc3 (29. Qe4 $18) 29... Qd7 $11 30. Rcd3 (30. Qe3 $14) 30... Qc6 $1 $16 31. Be5 (31. Qf3 $142) 31... Rxd3 32. Qxd3 (32. cxd3 Qd5 $11) 32... f6 33. Bd4 Kf7 34. Qh3 g5 35. Qh5+ Kf8 36. fxg5 ({Günstiger ist} 36. Qh6+ $16 Kf7 37. f5 exf5 38. Qh5+ (38. gxf5 Qf3 $16) 38... Kf8 39. gxf5) 36... Rxg5 (36... Qf3 $11 37. Rg1 Rxg5 38. Qh8+ Kf7) 37. Qh8+ Kf7 38. Qh7+ (38. Rf1 $16 {[%cal Rd4f6]} Qc4 39. Rxf6+ Bxf6 40. Qxf6+ Ke8 41. Qxg5 Qxd4 42. Qg6+ Ke7 43. a3) 38... Rg7 39. Qh5+ Kf8 40. Rf1 ({Besser ist} 40. Kc1 $1 $14) 40... Qg2 $1 $11 {[%cal Rg2f1]} 41. Rg1 Qe4 42. Bc5 {Und Dh8+ würde nun gewinnen.} Rg5 $2 (42... Rh7 $1 $11 43. Bxe7+ Kxe7 44. Qc5+ Kf7) 43. Qh8+ $18 Kf7 {[#]} 44. Bxe7 $2 (44. Rh1 $1 $18 {[%cal Rh1h7] Und weiter mit Th7+ wäre nett.} Rxc5 45. Rh7+ Qxh7 46. Qxh7+ Kf8 47. c3) 44... Kxe7 {[%mdl 4096] Endspiel KDT-KDT} 45. Rf1 Qg6 $2 (45... Qd4 $11 {und Schwarz muss sich keine Sorgen machen.}) 46. Qc8 Rd5 {[#]} (46... Rxg4 $16 47. Qc7+ (47. Qxa6 Rc4 $16) 47... Kf8) 47. Qc7+ $1 ({Und nicht} 47. Qxa6 Qxg4 48. Qb7+ Ke8 $11) 47... Rd7 48. Qc5+ Kf7 49. g5 f5 50. Rh1 $2 (50. Qc8 $18 Re7 51. Qxa6) 50... Qh5 $1 $11 {[%cal Rh5h1]} 51. Qg1 Qg4 $1 {[%cal Rg4g1] Weiss muss nun ...Dxg1+ beachten.} 52. Qc1 (52. Qe1 {seems wilder.} e5 53. Rh7+ Ke6 54. Rh6+ Kf7 55. Rh7+) 52... e5 53. Rg1 Qh5 {[#]} 54. a4 $1 {[%mdl 512]} Kg6 (54... bxa4 55. Qf1) 55. Rh1 Qg4 56. Qe1 Rd5 57. axb5 axb5 58. Rg1 Qf3 59. Rf1 Qg4 60. Rg1 Qf3 61. Ka2 Qe4 62. Qf2 Qa4+ $2 {[%mdl 8192]} (62... Qd4 $11 63. Qh2 Qa7+ 64. Kb1 Qh7) 63. Kb1 $18 {zielt auf Db6+ ab.} Qd4 64. Qh2 Kg7 65. Qh6+ {Weiß setzt Matt.} Kg8 66. Qe6+ Kg7 67. Qf6+ Kg8 68. Rh1 {Precision: Weiß = 55%, Schwarz = 38%.} 1-0